Houses.Doma.Domy : Collection

Saved in:
Bibliographic Details
Main Author: Galindo, Michelle (Author)
Format: Book
Language:English
Russian
Czech
Published: Praha : Slovart, 2009
Edition:1.vyd.
Tags: Add Tag
No Tags, Be the first to tag this record!

MARC

LEADER 00000nam a22000003a 4500
001 stu238570
005 20150617230206.4
008 111115s2009----xr------------------eng-d
020 |a 978-80-7391-204-8 
040 |a STU  |b slo 
041 0 |a eng  |a rus  |a cze 
044 |a xr 
080 |a 72 
080 |a 728 
100 1 |a Galindo, Michelle  |4 aut 
245 1 |a Houses.Doma.Domy :  |b Collection 
250 |a 1.vyd. 
260 |a Praha :  |b Slovart,  |c 2009 
300 |a 512 s 
500 |a prel. z angličtiny 
996 |b 284V031620  |c V*51225/O-22875  |l VVT  |s A  |a 24  |w stu238570_0001